00482nam a2200193 a 4500001001300000003000900013005001700022008004100039020001000080082001300090100001700103245003800120260002300158300000800181500003500189505001900224650002800243700001700271nice12345678IN_TiNIC20260116011842.0050524s1957 lona grp 000 0 eng  ac10000a242bHAY aHayman, Eric aDisciplines of the Spiritual Life aLondonbSpckc1957 a59p aincludes index and biblioraphy2 aIndex and Maps aMeditation-Christianity1 aHayman, Eric